=LDR 00000nam 2200000 4500 =001 INLIS000000000014646 =005 20130612105926 =008 ***********************************Ind** =035 ##$$0010-061300000014646 =041 ##$$a Ind =082 ##$$a 639.22 =090 ##$$a 639.22, mar r =100 ##$$a Marcosudarmo, Budiono =245 ##$$a Rekayasa tambak, Budiono martosudarmo, bambang salaman Ranumiharjo =260 ##$$a 1992 $b Jakarta =300 ##$$a vii, 115 hlm, Ilus, 21 cm =650 ##$$a Tambak =700 ##$$a Ranumiharjo, Bambang salaman =850 ##$$a NBPNMAT